home page   АИС "Историко-культурное наследие Беларуси"
  Базовый | Расширенный | Профессиональный | Словарь персоналий | Тематический словарь | По видам объектов История запросов  Заказы    Регистрация

Запись в MARC-формате

копировать MARC-запись

=LDR  00000nx\\c2200169\\\45\\
=001  BY-NLB-ar2786614
=005  20160330095630.6
=100  \\$a20080220abely50\\\\\\ca0
=152  \\$apsbo
=160  \\$ae-bw
=215  \\$aКасцёл святых апосталаў Пятра і Паўла (Старыя Васілішкі, вёска; Шчучынскі раён)
=300  1\$aПомнік архітэктуры неаготыкі. Пабудаваны ў 1897--1903 гг.
=356  \\$aЗнаходзіцца на заходняй ускраіне вёскі Старыя Васілішкі Шчучынскага раёна Гродзенскай вобласці.
=515  \\$5w$3BY-NLB-ar2786622$aКостел святых апостолов Петра и Павла (Старые Василишки, деревня; Щучинский район)
=801  \0$aBY$bBY-HM0000$c20080220
=810  \\$aКулагін, А.М. Каталіцкія храмы на Беларусі : энцыкл. давед. - Мн., 2000.
=999  \\$f2786$t20080220

Чтобы вернуться назад, щелкните кнопку BACK на Вашем браузере